[Event "Tourn. n8677"]
[Site "www.chess-mail.com"]
[Date "2016.05.21"]
[Round "1"]
[White "Julian"]
[Black "Xkafi"]
[WhiteElo "2110"]
[BlackElo "2010"]
[Result "1-0"]
[Round "1"]
1.e4 e5
2.Ng1f3 Qd8f6
3.d4 exd4
4.e5 Qf6b6
5.Qd1xd4 d6
6.exd6 Qb6xd6
7.Qd4xd6 Bf8xd6
8.Nb1c3 Nb8c6
9.Bf1b5 Bc8d7
10.Bc1g5 f6
11.Bg5e3 a6
12.Bb5c4 O-O-O
13.O-O-O Ng8e7
14.Rh1e1 Ne7f5
15.Be3d2 Nc6e5
16.Nf3xe5 Bd6xe5
17.Nc3d5 Bd7c6
18.Bd2c3 Be5xh2
19.g3 Bh2xg3
20.fxg3 Nf5xg3
21.Nd5e7 Kb8
22.Ne7xc6 bxc6
23.Bc4xa6 Ka7
24.Ba6c4 Kb6
25.Re1g1 Rd8xd1
26.Kxd1 Ng3f5
27.Bc4e6 Nf5d6
28.Rg1xg7 f5
29.Bc3e5 Rh8d8
30.Kc1 Rd8f8
31.Rg7xh7 f4
32.Be5xd6 cxd6
33.Rh7f7 Rf8e8
34.Be6g4 Re8e4
35.Bg4f3 Re4d4
36.Rf7f6 Kc5
37.Rf6f5 Kb6
38.b3 c5
39.Kb2 Kc7
40.a4 Kb6
41.Kc3 Rd4b4
42.Rf5f6 Kc7
43.Rf6f7 Kb6
44.Rf7b7 { resign }
1-0

[Event "Tourn. n8767"]
[Site "www.chess-mail.com"]
[Date "2016.05.21"]
[Round "1"]
[White "Gatrooper"]
[Black "Hansen"]
[WhiteElo "1480"]
[BlackElo "1560"]
[Result "1-0"]
[Round "1"]
1.e4 e5
2.a3 Ng8f6
3.Nb1c3 c6
4.h3 Bf8c5
5.d3 g6
6.Bc1e3 Bc5xe3
7.fxe3 b5
8.Ng1f3 d6
9.Bf1e2 h6
10.Qd1d2 Qd8a5
11.b4 Qa5b6
12.a4 d5
13.a5 Qb6b7
14.Nf3xe5 dxe4
15.dxe4 Nb8a6
16.Ra1d1 Na6xb4
17.Qd2d8 { resign }
1-0

[Event "Match"]
[Site "www.echecsemail.com"]
[Date "2016.05.21"]
[Round "1"]
[White "Silent1"]
[Black "Amo"]
[WhiteElo "1840"]
[BlackElo "1809"]
[Result "1-0"]
[Round "1"]
1.d4 d5
2.c4 dxc4
3.Nb1c3 Bc8f5
4.e3 e6
5.Bf1xc4 a6
6.h3 b5
7.Bc4d3 Bf5xd3
8.Qd1xd3 Bf8b4
9.Bc1d2 c5
10.Ng1f3 c4
11.Qd3c2  { time }
1-0

[Event "Match"]
[Site "www.echecsemail.com"]
[Date "2016.05.21"]
[Round "1"]
[White "Milkyway"]
[Black "Heiserman"]
[WhiteElo "2269"]
[BlackElo "2310"]
[Result "0-1"]
[Round "1"]
1.d4 Ng8f6
2.Bc1f4 d5
3.e3 Bc8f5
4.c3 e6
5.Qd1b3 Qd8c8
6.Ng1f3 Bf8e7
7.Nb1d2 Nf6h5
8.Bf1e2 Nh5xf4
9.exf4 O-O
10.O-O Nb8d7
11.Nf3e5 Nd7xe5
12.fxe5 c5
13.dxc5 Be7xc5
14.Nd2f3 Qc8c7
15.Rf1e1 f6
16.exf6 Rf8xf6
17.Ra1d1 Ra8f8
18.Be2d3 Bf5h3
19.Bd3f1 Rf6xf3
20.gxf3 Rf8xf3
21.Bf1xh3 Rf3xh3
{ resign }
0-1

[Event "Match"]
[Site "www.echecsemail.com"]
[Date "2016.05.21"]
[Round "1"]
[White "B0zata"]
[Black "Hundegana"]
[WhiteElo "1799"]
[BlackElo "1940"]
[Result "1/2-1/2"]
[Round "1"]
1.e4 c5
2.Ng1f3 d6
3.d4 Ng8f6
4.dxc5 Qd8a5
5.Nb1c3 Qa5xc5
6.Bc1e3 Qc5a5
7.Bf1d3 e6
8.O-O Bf8e7
9.a3 O-O
10.b4 Qa5c7
11.Nc3b5 Qc7d8
12.e5 dxe5
13.Nf3xe5 a6
14.Nb5d4 Be7d6
15.Ne5c4 Bd6c7
16.Qd1f3 Nb8d7
17.Ra1d1 Ra8b8
18.c3 b5
19.Nc4d2 Bc8b7
20.Nd2e4 Nf6xe4
21.Bd3xe4 Bb7xe4
22.Qf3xe4 Qd8e8
23.Qe4c6 Qe8c8
24.Kh1 Rb8b6
25.Qc6f3 Rb6d6
26.Nd4c6 Rf8e8
27.Rd1xd6 Bc7xd6
28.Rf1d1 Bd6f8
29.h4 e5
30.Qf3d5 Nd7f6
31.Nc6a7 Qc8xc3
32.Qd5d3 Qc3xd3
33.Rd1xd3 h6
34.f3 e4
35.fxe4 Nf6xe4
36.Na7c6 f5
37.Kh2 Bf8d6
38.Kg1 Bd6g3
39.Rd3d7 Ne4c3
40.Nc6e7 Kh8
41.Ne7xf5 Bg3e5
42.Be3d4 Nc3e2
43.Kf1 Ne2xd4
44.Nf5xd4 Be5xd4
45.Rd7xd4 Re8e3
46.Rd4d8 Kh7
47.a4 bxa4
48.Rd8d6 Re3e4
49.Rd6xa6 Re4xb4
50.g3 Rb4b1
51.Kg2 Rb1a1
52.h5 a3
53.Kh3 a2
54.Kg4 Kg8
55.Ra6a7 Kh7
56.Ra7a8 Ra1b1
57.Ra8xa2 Rb1b4
58.Kh3 Rb4b5
59.Kh4 Rb5b4
60.g4 Rb4d4
61.Ra2a3 Rd4b4
62.Ra3f3 Rb4d4
63.Kg3 Rd4b4
64.Rf3f4 Rb4b3
65.Kh4 Rb3c3
66.g5 hxg5
67.Kxg5 Rc3g3
68.Kh4 Rg3g1
69.Rf4g4 Rg1xg4
70.Kxg4 Kh6
71.Kh4 g6
72.hxg6 Kxg6
73.Kg4 Kf6
{ draw }
1/2-1/2

[Event "Match"]
[Site "www.echecsemail.com"]
[Date "2016.05.21"]
[Round "1"]
[White "Jhzes"]
[Black "Chapi"]
[WhiteElo "1809"]
[BlackElo "2080"]
[Result "0-1"]
[Round "1"]
1.Nb1c3 c5
2.e4 Nb8c6
3.f4 d6
4.h3 Ng8f6
5.Ng1f3 g6
6.Bf1c4 Bf8g7
7.d4 cxd4
8.Nf3xd4 O-O
9.Bc1e3 Nf6d7
10.f5 Qd8b6
11.Nc3d5 Qb6xb2
12.Ra1b1 Qb2a3
13.Nd4b5 Qa3a5
14.Be3d2 Qa5d8
15.Nd5c7 Nd7e5
16.Bc4d5 Ra8b8
17.fxg6 hxg6
18.Bd5xf7 Rf8xf7
19.Nc7d5 a6
20.Nb5c3 Ne5c4
21.Bd2g5 Qd8a5
22.Rb1b3 e6
23.Qd1e2 exd5
24.Bg5d2 Nc6d4
25.Qe2d3 Nd4xb3
26.cxb3 Nc4xd2
27.Nc3xd5 Nd2xe4
28.Ke2 Rf7f2
29.Ke3 Bg7h6
30.Kd4 Qa5c5
{ resign }
0-1

[Event "1/128 Finale"]
[Site "www.chess-mail.com"]
[Date "2016.05.21"]
[Round "1"]
[White "Oroden"]
[Black "Gatrooper"]
[WhiteElo "1809"]
[BlackElo "1480"]
[Result "1-0"]
[Round "1"]
1.e4 e5
2.Ng1f3 Nb8c6
3.Bf1b5 a6
4.Bb5a4 b5
5.Ba4b3 d6
6.O-O Bc8e6
7.Bb3xe6 fxe6
8.c3 h6
9.d4 exd4
10.cxd4 Ng8f6
11.d5 exd5
12.exd5 Nc6e7
13.Rf1e1 Qd8b8
14.Nf3d4 Qb8b6
15.Nd4e6 h5
16.Bc1g5 Nf6g4
17.Qd1c2 Ra8c8
18.Bg5xe7 Bf8xe7
19.Qc2g6 Kd7
20.Ne6d4 Qb6xd4
21.Qg6e6 Kd8
22.Qe6xe7 
1-0

[Event "1/16 Finale"]
[Site "www.chess-mail.com"]
[Date "2016.05.21"]
[Round "1"]
[White "Buchauer"]
[Black "Mitja"]
[WhiteElo "2690"]
[BlackElo "1920"]
[Result "1-0"]
[Round "1"]
1.Ng1f3 d5
2.d4 e6
3.c4 dxc4
4.e3 c6
5.Bf1xc4 Nb8d7
6.e4 Nd7b6
7.Bc4b3 h6
8.O-O Ng8f6
9.Nb1c3 Bf8e7
10.Qd1d3 Nb6d7
11.Rf1d1 Qd8c7
12.Bc1e3 b6
13.Ra1c1 Bc8b7
14.d5 cxd5
15.Nc3xd5 Qc7d8
16.Nd5c7 Kf8
17.Nc7xa8 Bb7xa8
18.Nf3e5 Ke8
19.Ne5xd7 Nf6xd7
20.Qd3a6 Be7f6
21.Rc1c8 { resign }
1-0

[Event "Eq:Equipo Juan Diaz-chibcha : "]
[Site "www.chess-mail.com"]
[Date "2016.05.21"]
[Round "1"]
[White "Naujzaid"]
[Black "Whitekknight"]
[WhiteElo "2090"]
[BlackElo "1930"]
[Result "1-0"]
[Round "1"]
1.d4 d5
2.c4 e6
3.Nb1c3 Ng8f6
4.cxd5 Nf6xd5
5.e4 Nd5xc3
6.bxc3 Nb8c6
7.Ng1f3 h6
8.Bf1d3 Bf8e7
9.O-O O-O
10.e5 f6
11.exf6 Rf8xf6
12.Qd1e2 Be7d6
13.Qe2e4 Kf7
14.Nf3e5 Bd6xe5
15.dxe5 Rf6f5
16.f4 h5
17.Qe4e2 Qd8h8
18.Bd3xf5 exf5
19.Bc1a3 Bc8e6
20.Ra1b1 Ra8b8
21.Rf1d1 g6
22.Rd1d2 Qh8e8
23.h3 a6
24.Rd2b2 b5
25.Ba3c5 Nc6a5
26.Rb2d2 Na5c4
27.Rd2d1 Nc4a5
28.Bc5b4 Na5c6
29.a4 Nc6xb4
30.cxb4 Be6c4
31.Qe2c2 c6
32.Rd1d6 Bc4d5
33.Rd6f6 Kg7
34.Qc2c5 Qe8d8
35.Qc5a7 Kh6
36.g4 Qd8b6
37.Qa7xb6 Rb8xb6
38.gxf5 Bd5e4
39.Rf6xg6 Kh7
40.Rb1d1 Be4xf5
41.Rg6g5 Bf5c2
42.Rg5xh5 Kg6
43.Rh5g5 Kf7
44.Rd1d7 Ke6
45.Rd7d6 Kf7
46.a5 Rb6b8
47.Rd6xc6 { resign }
1-0

[Event "Tourn. n8740"]
[Site "www.chess-mail.com"]
[Date "2016.05.22"]
[Round "1"]
[White "Azulmarino"]
[Black "Bjonil60"]
[WhiteElo "1470"]
[BlackElo "1340"]
[Result "1-0"]
[Round "1"]
1.e4 Nb8c6
2.Ng1f3 e6
3.Nb1c3 a6
4.a3 Qd8e7
5.Bf1c4 h6
6.d3 d6
7.Bc1e3 b5
8.Bc4b3 f6
9.O-O Bc8b7
10.Nf3h4 g5
11.Nh4g6 Qe7g7
12.Qd1h5 Nc6e5
13.Ng6xh8 Ke7
14.Qh5h3 Qg7xh8
15.Qh3xe6 Kd8
16.Nc3d5 Bb7xd5
17.Bb3xd5 Ra8b8
18.Be3d4 Ne5g6
19.Bd5c6 Qh8h7
20.Qe6e8 
1-0

[Event "Tourn. n8741"]
[Site "www.chess-mail.com"]
[Date "2016.05.22"]
[Round "1"]
[White "Difficult"]
[Black "Pimpampum"]
[WhiteElo "1850"]
[BlackElo "1909"]
[Result "0-1"]
[Round "1"]
1.d4 Ng8f6
2.c4 e6
3.Ng1f3 b6
4.g3 Bc8b7
5.Bf1g2 Bf8e7
6.O-O O-O
7.Nb1c3 d5
8.Nf3e5 Nb8d7
9.cxd5 Nf6xd5
10.Nc3xd5 Bb7xd5
11.Bg2xd5 exd5
12.Ne5c6 Qd8e8
13.Bc1f4 Be7d8
14.Nc6xd8 Qe8xd8
15.Ra1c1 Ra8c8
16.Qd1d3 c5
17.Bf4d6 Rf8e8
18.dxc5 { time. }
0-1

[Event "Tourn. n8673"]
[Site "www.chess-mail.com"]
[Date "2016.05.22"]
[Round "1"]
[White "Falcoale"]
[Black "Difficult"]
[WhiteElo "1820"]
[BlackElo "1890"]
[Result "1-0"]
[Round "1"]
1.e4 b6
2.d4 Bc8b7
3.Nb1c3 e6
4.Bf1d3 g6
5.Ng1f3 Bf8g7
6.Bc1e3 Ng8e7
7.O-O O-O
8.Qd1d2 d5
9.exd5 exd5
10.Be3h6 Nb8d7
11.Bh6xg7 Kxg7
12.Rf1e1 Nd7f6
13.Qd2g5 h6
14.Qg5d2 Rf8e8
15.Nf3e5 a6
16.Re1e3 Ne7c6
17.Re3h3 Re8h8
18.Ra1e1 b5
19.Rh3g3 Nc6e7
20.Nc3e2 Nf6e4
21.Qd2f4 Rh8f8
22.Bd3xe4 dxe4
23.Rg3h3 g5
24.Qf4g3 Ne7f5
25.Qg3c3 Ra8c8
26.Ne5g4 f6
27.f4 Nf5h4
28.fxg5 hxg5
29.Ne2f4 Qd8d6
30.Nf4h5 Kg6
{ time. }
1-0

[Event "Tourn. n8751"]
[Site "www.chess-mail.com"]
[Date "2016.05.22"]
[Round "1"]
[White "Difficult"]
[Black "Vitoriccardo"]
[WhiteElo "1820"]
[BlackElo "1910"]
[Result "0-1"]
[Round "1"]
1.d4 Ng8f6
2.c4 c5
3.Ng1f3 e6
4.e3 d5
5.Nb1c3 Nb8c6
6.cxd5 exd5
7.Bf1b5 Bc8d7
8.Bb5xc6 Bd7xc6
9.Nf3e5 Bf8d6
10.Ne5xc6 bxc6
11.O-O cxd4
12.exd4 O-O
13.Rf1e1 { time. }
0-1

[Event "Tourn. n8706"]
[Site "www.chess-mail.com"]
[Date "2016.05.22"]
[Round "1"]
[White "Gandalf"]
[Black "Passaroa25"]
[WhiteElo "1610"]
[BlackElo "1640"]
[Result "0-1"]
[Round "1"]
1.c4 c6
2.d4 d6
3.Nb1c3 Nb8d7
4.e4 Nd7b6
5.Ng1f3 f6
6.a4 Bc8e6
7.d5 Be6f7
8.Bf1e2 e5
9.a5 Nb6d7
10.O-O Ng8e7
11.Bc1e3 Ne7g6
12.a6 Qd8c8
13.axb7 Qc8xb7
14.Qd1d2 c5
15.Ra1a5 Bf8e7
16.Rf1a1 Nd7b8
17.Ra5b5 Qb7d7
18.Rb5a5 O-O
19.h3 a6
20.Qd2c2 Qd7b7
21.Ra5a3 Be7d8
22.Ra3b3 Bd8b6
23.Nc3a4 Nb8d7
24.Na4xb6 { time. }
0-1

[Event "Tourn. n8760"]
[Site "www.chess-mail.com"]
[Date "2016.05.22"]
[Round "1"]
[White "Battlechess"]
[Black "Gatrooper"]
[WhiteElo "1510"]
[BlackElo "1480"]
[Result "0-1"]
[Round "1"]
1.d4 d5
2.Nb1c3 Ng8f6
3.Ng1f3 Nb8c6
4.Nf3e5 Nc6xe5
5.dxe5 Nf6g8
6.Qd1xd5 Qd8xd5
7.Nc3xd5 Kd8
 { time }
0-1

[Event "Tourn. n8709"]
[Site "www.chess-mail.com"]
[Date "2016.05.22"]
[Round "1"]
[White "Francesco"]
[Black "Difficult"]
[WhiteElo "1940"]
[BlackElo "1890"]
[Result "1-0"]
[Round "1"]
1.e4 e5
2.Ng1f3 Nb8c6
3.Bf1b5 g6
4.O-O Bf8g7
5.Rf1e1 Ng8e7
6.d4 exd4
7.Nb1d2 a6
8.Bb5a4 O-O
9.Ba4xc6 dxc6
10.Nd2b3 Bc8g4
11.h3 Bg4xf3
12.Qd1xf3 b6
13.Bc1g5 c5
14.Nb3d2 Qd8d7
15.Ra1d1 Ne7c6
16.a3 Nc6e5
17.Qf3g3 f6
18.Bg5f4 Qd7e6
19.f3 b5
20.Nd2b3 Qe6b6
21.Kf1 a5
22.Qg3f2 a4
23.Nb3d2 Ra8d8
24.g4 c4
25.b4 Rf8e8
26.Kg2 c3
27.Nd2f1 c6
{ time. }
1-0

[Event "Tourn. n8741"]
[Site "www.chess-mail.com"]
[Date "2016.05.22"]
[Round "1"]
[White "Falcoale"]
[Black "Difficult"]
[WhiteElo "1770"]
[BlackElo "1850"]
[Result "1-0"]
[Round "1"]
1.e4 c6
2.Ng1f3 d5
3.exd5 cxd5
4.d4 Ng8f6
5.Nb1c3 g6
6.Bf1e2 Bf8g7
7.Nc3b5 a6
8.Nb5c3 O-O
9.O-O Nb8c6
10.Nf3e5 Bc8d7
11.Ne5xd7 Qd8xd7
{ time. }
1-0

[Event "Tourn. n8745"]
[Site "www.chess-mail.com"]
[Date "2016.05.22"]
[Round "1"]
[White "Malbertan"]
[Black "Difficult"]
[WhiteElo "2040"]
[BlackElo "1830"]
[Result "1-0"]
[Round "1"]
1.e4 c5
2.Ng1f3 Nb8c6
3.d4 cxd4
4.Nf3xd4 Ng8f6
5.Nb1c3 e5
6.Nd4b5 d6
7.Bc1g5 a6
8.Bg5xf6 gxf6
9.Nb5a3 b5
10.Nc3d5 Bc8e6
11.c4 Qd8a5
12.Qd1d2 Qa5xd2
13.Kxd2 Be6xd5
14.exd5 b4
15.Na3c2 { time. }
1-0

[Event "Tourn. n8746"]
[Site "www.chess-mail.com"]
[Date "2016.05.22"]
[Round "1"]
[White "Claudia"]
[Black "Cal"]
[WhiteElo "1499"]
[BlackElo "1550"]
[Result "1-0"]
[Round "1"]
1.d4 d5
2.c4 dxc4
3.Ng1f3 e6
4.e3 h6
5.Bf1xc4 Ng8f6
6.O-O Bf8d6
7.Nb1c3 c6
8.e4 b5
9.Bc4d3 O-O
10.e5 Bd6xe5
11.dxe5 Nf6d5
12.Qd1e2 Nb8d7
13.Qe2e4 g6
14.Bc1xh6 Rf8e8
15.Nf3h4 Kh7
16.Bh6d2 f5
17.Qe4e2 Re8h8
18.Nh4f3 Nd5e7
19.Nf3g5 Kg7
20.Ng5xe6 { resign }
1-0

[Event "Tourn. n8715"]
[Site "www.chess-mail.com"]
[Date "2016.05.22"]
[Round "1"]
[White "Milkyway"]
[Black "Seger"]
[WhiteElo "2279"]
[BlackElo "2730"]
[Result "0-1"]
[Round "1"]
1.b3 e5
2.g3 d5
3.Bf1g2 Ng8f6
4.Bc1b2 Bf8d6
5.d3 c5
6.Ng1f3 Nb8c6
7.O-O O-O
8.Nb1d2 h6
9.e4 d4
10.Nd2c4 Bd6c7
11.a4 a6
12.h3 Rf8e8
13.Rf1e1 Bc8e6
14.Qd1d2 b5
15.axb5 axb5
16.Ra1xa8 Qd8xa8
17.Nc4a3 Bc7a5
{ resign }
0-1

[Event "Tourn. n8740"]
[Site "www.chess-mail.com"]
[Date "2016.05.22"]
[Round "1"]
[White "Bjonil60"]
[Black "Claudia"]
[WhiteElo "1340"]
[BlackElo "1709"]
[Result "0-1"]
[Round "1"]
1.Nb1c3 d5
2.e3 e6
3.Qd1e2 Ng8f6
4.h3 c5
5.a3 Nb8c6
6.Ng1f3 Bf8e7
7.g3 O-O
8.Nc3a2 b6
9.b3 Bc8b7
10.Bf1g2 Qd8c7
11.O-O e5
12.c3 e4
13.Nf3h2 Nc6e5
14.Bc1b2 Ne5d3
15.Ra1b1 a5
16.Bb2a1 Bb7a6
17.f3 Qc7xg3
18.Rf1d1 Nd3f4
19.Qe2f1 Ba6xf1
20.Kxf1 Qg3xg2
21.Ke1 Nf4d3

0-1

[Event "Tourn. n8701"]
[Site "www.chess-mail.com"]
[Date "2016.05.22"]
[Round "1"]
[White "Yangqi"]
[Black "Tartan"]
[WhiteElo "2640"]
[BlackElo "2430"]
[Result "1-0"]
[Round "1"]
1.e4 e5
2.f4 exf4
3.Ng1f3 g5
4.Nb1c3 g4
5.Nf3e5 Qd8h4
6.g3 fxg3
7.Qd1xg4 Qh4xg4
8.Ne5xg4 d5
9.Ng4e5 Bf8d6
10.d4 f6
11.Ne5d3 Nb8c6
12.Bc1e3 dxe4
13.Nc3xe4 gxh2
14.Ne4xd6 cxd6
15.Rh1xh2 Bc8f5
16.O-O-O Ng8e7
17.Nd3f4 Bf5g4
18.Rd1e1 O-O-O
19.c3 h5
20.Be3f2 d5
21.Bf1d3 Rh8h6
22.b3 Rh6h8
23.Rh2h1 Rh8h6
24.Kb2 a6
25.a4 Rh6h8
26.b4 Rd8f8
27.b5 axb5
28.axb5 Nc6e5
29.dxe5 fxe5
30.Re1xe5 Rf8xf4
31.Bf2c5 Ne7f5
32.Rh1a1 { resign }
1-0

[Event "Tourn. n8695"]
[Site "www.chess-mail.com"]
[Date "2016.05.22"]
[Round "1"]
[White "Elogic"]
[Black "Sargentoabel"]
[WhiteElo "1810"]
[BlackElo "1809"]
[Result "0-1"]
[Round "1"]
1.e4 e6
2.Ng1f3 d5
3.exd5 exd5
4.d4 Bf8d6
5.g3 Qd8e7
6.Bf1e2 Ng8f6
7.O-O O-O
8.c4 dxc4
9.Be2xc4 Bc8g4
10.Qd1b3 Nb8c6
11.d5 Nc6a5
12.Qb3c3 Na5xc4
13.Rf1e1 Qe7d7
14.Nf3g5 Ra8e8
15.Re1xe8 Rf8xe8
16.Qc3xc4 Re8e1
17.Kg2 Bg4e2
18.Qc4c3 Be2f1
19.Kg1 Bd6b4
 { time }
0-1

[Event "Tourn. n8445"]
[Site "www.chess-mail.com"]
[Date "2016.05.22"]
[Round "1"]
[White "Bjonil60"]
[Black "Claudia"]
[WhiteElo "1360"]
[BlackElo "999"]
[Result "0-1"]
[Round "1"]
1.Nb1c3 d5
2.e3 e6
3.f4 Ng8f6
4.h3 Bf8e7
5.g3 O-O
6.Qd1e2 c5
7.a3 Nb8c6
8.d3 b6
9.Bf1g2 Bc8b7
10.b3 d4
11.Nc3a2 Qd8c7
12.Bc1b2 Nf6d5
13.e4 Nd5e3
14.Rh1h2 Ne3xg2
15.Qe2xg2 b5
16.Qg2d2 Ra8d8
17.e5 f6
18.g4 fxe5
19.f5 exf5
20.gxf5 Rf8xf5
21.c3 dxc3
22.Bb2xc3 Be7h4
23.Kd1 c4
24.bxc4 bxc4
25.dxc4 Rd8xd2
26.Kxd2 e4
27.Ra1b1 Qc7xh2
28.Ng1e2 Bh4g5
29.Kd1 Rf5f1
30.Bc3e1 Rf1xe1
31.Kxe1 Qh2h1
32.Ne2g1 Qh1xg1
33.Ke2 Qg1xb1
34.Na2c3 Nc6d4
35.Kf2 Qb1c2
36.Kg3 Qc2xc3
37.Kg4 Bb7c8
38.Kxg5 Qc3g3
39.Kh5 Qg3g6
40.Kh4 Nd4f3

0-1

[Event "Tourn. n8665"]
[Site "www.chess-mail.com"]
[Date "2016.05.22"]
[Round "1"]
[White "Difficult"]
[Black "Luban"]
[WhiteElo "1890"]
[BlackElo "2050"]
[Result "0-1"]
[Round "1"]
1.e4 c5
2.Ng1f3 d6
3.d4 cxd4
4.Nf3xd4 Ng8f6
5.Nb1c3 a6
6.g3 e6
7.Bf1g2 Bf8e7
8.O-O O-O
9.h3 Bc8d7
10.a4 Nb8c6
11.Nd4xc6 Bd7xc6
12.Qd1e2 Ra8c8
13.Bc1e3 d5
14.exd5 Nf6xd5
15.Nc3xd5 Bc6xd5
16.Rf1d1 Qd8c7
17.Bg2xd5 exd5
18.c3 Rf8d8
19.Be3d4 g6
20.Rd1e1 Rd8e8
21.Qe2d2 Be7c5
22.Bd4xc5 Qc7xc5
23.Re1xe8 Rc8xe8
24.Ra1e1 Re8xe1
25.Qd2xe1 d4
26.Qe1d2 dxc3
27.Qd2xc3 Qc5xc3
28.bxc3 Kf8
29.Kf1 Ke7
30.Ke2 Kd6
31.Kd3 Kc5
32.f4 f5
33.g4 b5
34.axb5 axb5
35.g5 Kd5
36.h4 Kc5
37.Kc2 Kc4
38.Kb2 b4
39.cxb4 Kxb4
40.Kc2 Kc4
41.Kd2 Kd4
42.Ke2 Ke4
{ resign }
0-1

[Event "Tourn. n8709"]
[Site "www.chess-mail.com"]
[Date "2016.05.22"]
[Round "1"]
[White "Roque1"]
[Black "Difficult"]
[WhiteElo "2070"]
[BlackElo "1890"]
[Result "1-0"]
[Round "1"]
1.e4 e5
2.Ng1f3 Ng8f6
3.d3 Nb8c6
4.Bc1g5 Bf8e7
5.Nb1c3 d6
6.Bf1e2 O-O
7.O-O a6
8.Qd1d2 Bc8g4
9.Bg5xf6 Be7xf6
10.Nc3d5 Bg4xf3
11.Be2xf3 Nc6d4
12.Bf3g4 c6
13.Nd5e3 g6
14.c3 Nd4b5
15.a4 Nb5c7
16.b4 Rf8e8
17.Ne3c4 d5
18.Nc4b6 Ra8b8
{ time. }
1-0

[Event "Tourn. n8739"]
[Site "www.chess-mail.com"]
[Date "2016.05.22"]
[Round "1"]
[White "Yangqi"]
[Black "Ssharp"]
[WhiteElo "2660"]
[BlackElo "2220"]
[Result "1-0"]
[Round "1"]
1.e4 e6
2.d4 d5
3.Nb1c3 Bf8b4
4.e5 c5
5.Qd1g4 Ng8e7
6.dxc5 Nb8c6
7.Qg4xg7 Rh8g8
8.Qg7xh7 d4
9.a3 Bb4xc3
10.bxc3 Nc6xe5
11.Ng1e2 dxc3
12.Ne2g3 Rg8xg3
13.hxg3 Ne5g6
14.Qh7g7 Qd8c7
15.Bf1b5 { resign }
1-0

[Event "Tourn. n8668"]
[Site "www.chess-mail.com"]
[Date "2016.05.22"]
[Round "1"]
[White "Libiesse"]
[Black "Faerieking"]
[WhiteElo "2070"]
[BlackElo "2160"]
[Result "0-1"]
[Round "1"]
1.d4 d5
2.c4 c6
3.cxd5 cxd5
4.Ng1f3 Nb8c6
5.Bc1f4 Bc8f5
6.a3 Qd8b6
7.b4 e6
8.e3 Ng8f6
9.Bf1e2 Bf8e7
10.O-O O-O
11.Nb1c3 h6
12.Nc3a4 Qb6d8
13.Na4c5 b6
14.Nc5d3 Be7d6
15.Nd3e5 Bd6xe5
16.Nf3xe5 Nc6xe5
17.Bf4xe5 Nf6e4
18.Be2a6 Qd8d7
19.f3 Ne4d6
20.g4 Bf5h7
21.Ra1c1 Ra8b8
22.Ba6e2 b5
23.Rc1c5 a6
24.Qd1c1 Rb8b6
25.Qc1c3 Nd6c4
26.Kh1 Rf8c8
27.Be2xc4 dxc4
28.Rf1g1 f6
29.Rc5xc8 Qd7xc8
30.Be5g3 Rb6b7
31.h4 Qc8c6
32.e4 Rb7d7
33.g5 hxg5
34.hxg5 Kf7
35.Bg3h4 Bh7xe4
36.Rg1g3 Be4d5
37.g6 Kg8
38.Qc3e3 c3
39.Bh4xf6 gxf6
40.Kg1 c2
41.Qe3c1 Bd5xf3
{ resign }
0-1

[Event "Tourn. n8703"]
[Site "www.chess-mail.com"]
[Date "2016.05.22"]
[Round "1"]
[White "Johnmcbride"]
[Black "Gfalk"]
[WhiteElo "1820"]
[BlackElo "1690"]
[Result "0-1"]
[Round "1"]
1.d4 f5
2.f4 b6
3.e3 Ng8f6
4.Bf1d3 Bc8b7
5.Ng1f3 e6
6.O-O Bf8e7
7.b3 O-O
8.Nb1a3 Nf6e4
9.Bd3xe4 fxe4
10.Nf3e5 d6
11.Ne5c4 Bb7a6
12.Rf1f2 Nb8d7
13.Bc1d2 d5
14.Nc4e5 Nd7xe5
15.fxe5 Rf8xf2
16.Kxf2 Be7h4
17.g3 Qd8g5
18.Qd1h1 Ra8f8
19.Ke1 Bh4xg3
20.hxg3 Qg5xg3
21.Kd1 Rf8f1
22.Qh1xf1 Ba6xf1
23.Kc1 Qg3f2
24.Bd2c3 Qf2xe3
25.Kb2 Qe3f3
26.Ra1e1 e3
27.Na3b1 h5
28.Ka3 h4
29.Bc3d2 exd2
30.Nb1xd2 Qf3c3
31.Re1xf1 Qc3xd2
{ resign }
0-1

[Event "Tourn. n8753"]
[Site "www.chess-mail.com"]
[Date "2016.05.22"]
[Round "1"]
[White "Cal"]
[Black "Daquata"]
[WhiteElo "1540"]
[BlackElo "1700"]
[Result "0-1"]
[Round "1"]
1.c4 Ng8f6
2.Nb1c3 g6
3.e4 e5
4.a3 Bf8g7
5.d3 c6
6.Bc1g5 O-O
7.Bg5xf6 Bg7xf6
8.Ng1f3 d6
9.h3 Bc8e6
10.Bf1e2 Nb8d7
11.O-O Nd7b6
12.b4 d5
13.c5 Nb6d7
14.Nf3h2 a5
15.bxa5 Qd8xa5
16.Qd1c2 Nd7xc5
17.f4 exf4
18.Rf1xf4 Qa5xc3
19.Qc2xc3 Bf6xc3
20.Ra1c1 Bc3d2
21.Rc1xc5 Bd2xf4
22.Nh2f1 Ra8xa3
23.Kf2 f5
24.g3 Bf4d6
25.Rc5c2 fxe4
26.Kg2 exd3
27.Be2xd3 Ra3xd3
28.Rc2e2 Be6f5
29.h4 Bf5g4
30.Re2b2 b5
31.Rb2c2 c5
32.Nf1h2 Rd3xg3
{ resign }
0-1

[Event "Tourn. n8684"]
[Site "www.chess-mail.com"]
[Date "2016.05.22"]
[Round "1"]
[White "Masteratches"]
[Black "Szustan"]
[WhiteElo "2640"]
[BlackElo "2620"]
[Result "1-0"]
[Round "1"]
1.d4 d5
2.c4 dxc4
3.e4 e5
4.Ng1f3 exd4
5.Bf1xc4 Bf8b4
6.Nb1d2 Nb8c6
7.O-O Ng8f6
8.e5 Nf6d5
9.Nd2b3 Nd5b6
10.Bc1g5 Bb4e7
11.Bg5xe7 Qd8xe7
12.Bc4b5 O-O
13.Bb5xc6 bxc6
14.Ra1c1 Bc8g4
15.Nb3xd4 Bg4xf3
16.Nd4xf3 c5
17.Qd1c2 c4
18.Rf1e1 Ra8d8
19.Re1e4 Rd8d5
20.h4 Rf8e8
21.Rc1e1 Re8d8
22.Qc2e2 h6
23.e6 f6
24.h5 Rd5xh5
25.Re4d4 Rd8d6
26.Qe2e4 Rd6xd4
27.Nf3xd4 Qe7e8
28.f4 Nb6c8
29.Nd4f5 Nc8e7
30.Nf5xe7 Qe8xe7
31.Re1d1 c6
32.g4 Rh5d5
33.Rd1xd5 cxd5
34.Qe4xd5 Kf8
35.Qd5a8 Qe7e8
36.Qa8xe8 Kxe8
37.f5 { resign }
1-0

[Event "Tourn. n8741"]
[Site "www.chess-mail.com"]
[Date "2016.05.22"]
[Round "1"]
[White "Llcervello"]
[Black "Difficult"]
[WhiteElo "1610"]
[BlackElo "1830"]
[Result "1-0"]
[Round "1"]
1.e4 e6
2.d4 d5
3.e5 c5
4.Ng1f3 Nb8c6
5.c3 Qd8b6
6.Bf1d3 Bc8d7
7.c4 dxc4
8.Bd3xc4 cxd4
9.O-O Ng8e7
10.Rf1e1 Ne7g6
11.Qd1d3 Bf8b4
12.Re1e4 O-O
13.Nf3xd4 Nc6xe5
14.a3 Ne5xd3
15.Bc1e3 Bb4c5
16.b4 Bc5xd4
{ time. }
1-0

[Event "Match"]
[Site "www.echecsemail.com"]
[Date "2016.05.22"]
[Round "1"]
[White "Hundegana"]
[Black "Difficult"]
[WhiteElo "1920"]
[BlackElo "1890"]
[Result "1-0"]
[Round "1"]
1.e4 e5
2.c4 Nb8c6
3.Ng1f3 Ng8f6
4.d3 Bf8c5
5.Bf1e2 d6
6.a3 a5
7.Bc1e3 Bc5xe3
8.fxe3 O-O
9.O-O Bc8g4
10.h3 Bg4xf3
11.Rf1xf3 Qd8e7
12.Nb1c3 Qe7e6
13.Nc3b5 Qe6d7
14.Rf3g3 Kh8
15.Be2g4 Nf6xg4
16.Qd1xg4 Qd7xg4
17.Rg3xg4 Ra8c8
18.Ra1f1 f6
19.h4 Kg8
20.h5 Kh8
21.Rf1f2 Nc6e7
22.Kh2 Rf8d8
23.Kh3 h6
24.b3 c6
25.Nb5c3 d5
26.exd5 cxd5
27.Rf2f3 dxc4
28.dxc4 Rd8d3
29.Nc3b5 Rd3xb3
30.Nb5d6 Rc8c7
31.e4 Rb3xf3
32.gxf3 Rc7d7
33.Nd6e8 Ne7c6
34.c5 Nc6d4
35.Kg3 Nd4e6
36.f4 exf4
37.Kf3 Ne6xc5
38.Kxf4 b5
39.Kf5 Kg8
40.Ne8xf6 { time. }
1-0

[Event "Match"]
[Site "www.echecsemail.com"]
[Date "2016.05.22"]
[Round "1"]
[White "Biggles"]
[Black "Jhzes"]
[WhiteElo "1980"]
[BlackElo "1809"]
[Result "1-0"]
[Round "1"]
1.e4 e6
2.d4 d5
3.Nb1c3 Bf8b4
4.e5 Bb4xc3
5.bxc3 c5
6.Qd1g4 g6
7.Ng1f3 Qd8a5
8.Bc1d2 Qa5a3
9.Bf1d3 c4
10.Bd3e2 Qa3b2
11.O-O Qb2xc2
12.Be2d1 Qc2e4
13.Qg4h3 Qe4f5
14.Qh3g3 h5
15.h4 Qf5g4
16.Bd2g5 Qg4xg3
17.fxg3 b5
18.a4 Bc8d7
19.axb5 Bd7xb5
20.Bd1a4 Bb5xa4
21.Ra1xa4 Nb8c6
22.Rf1a1 a5
23.Ra1b1 Ng8e7
24.Rb1b7 Ne7f5
25.Bg5f6 O-O
26.Ra4a1 Nf5xg3
27.Nf3g5 Ng3e2
28.Kh2 Ne2xc3
29.Ra1f1 Ra8b8
30.Rb7d7 Nc6xd4
31.Bf6e7 Rf8e8
32.Rf1xf7 Nd4f5
33.Be7f6 Nc3e4
34.Rf7g7 Nf5xg7
35.Rd7xg7 Kh8
36.Ng5f7 
1-0

[Event "Match"]
[Site "www.echecsemail.com"]
[Date "2016.05.22"]
[Round "1"]
[White "Guidom"]
[Black "Gandalf"]
[WhiteElo "2030"]
[BlackElo "1610"]
[Result "0-1"]
[Round "1"]
1.e4 c6
2.d4 d5
3.exd5 cxd5
4.Ng1f3 Ng8f6
5.c3 g6
6.Bf1d3 Bf8g7
7.O-O O-O
8.Bc1g5 Qd8b6
9.Qd1c1 Nb8c6
10.b3 Bc8g4
11.h3 Bg4xf3
12.gxf3 Rf8e8
13.Nb1d2 h6
14.Bg5h4 e5
15.dxe5 Nc6xe5
16.Bd3e2 g5
17.Bh4g3 Nf6h5
18.Kg2 Ne5g6
19.Be2d3 Ng6f4
{ resign }
0-1

[Event "Match"]
[Site "www.echecsemail.com"]
[Date "2016.05.22"]
[Round "1"]
[White "Gimmyg"]
[Black "Jhzes"]
[WhiteElo "2540"]
[BlackElo "1809"]
[Result "1-0"]
[Round "1"]
1.d4 c5
2.Ng1f3 cxd4
3.Nf3xd4 Nb8c6
4.c4 e5
5.Nd4b5 Bf8b4
6.Nb1c3 a6
7.Nb5d6 Bb4xd6
8.Qd1xd6 Qd8e7
9.Qd6d3 Ng8f6
10.Bc1g5 e4
11.Bg5xf6 exd3
12.Bf6xe7 dxe2
13.Be7d6 exf1Q
14.Kxf1 Nc6d4
15.Ra1e1 Nd4e6
16.Nc3d5 Kd8
17.Nd5b6 Ne6c7
18.Bd6e7 Ke8
19.Be7h4 Kf8
20.Bh4g3 Nc7e8
21.Nb6xa8 d6
22.Na8c7 Ne8f6
23.Bg3xd6 Kg8
24.Bd6e5 Nf6d7
25.Be5d4 Nd7f6
26.Bd4xf6 gxf6
27.Re1e8 Kg7
28.Re8xh8 Kxh8
29.f3 { resign }
1-0